A tehetséggondozás elvei és módszerei a szocializmusban és napjainkban Magyarországon Képzőművészeti oktatás a két korszakban

Bibliographic Details
Main Author: Hugyecz Fanni
Other Authors: Farkas Dr. Julianna
Format: Thesis
Kulcsszavak:képzőművészeti tehetséggondozás
művészeti tehetségfejlesztés
szocializmus
szocializmus Magyarországon
tehetség
tehetséggondozás
Online Access:http://dolgozattar.uni-bge.hu/60074

MARC

LEADER 00000nta a2200000 i 4500
001 dolg60074
005 20260409145943.0
008 260409suuuu hu om 000 hun d
040 |a BGE Dolgozattár Repozitórium  |b hun 
041 |a hu 
100 1 |a Hugyecz Fanni 
245 1 2 |a A tehetséggondozás elvei és módszerei a szocializmusban és napjainkban Magyarországon  |b Képzőművészeti oktatás a két korszakban  |c Hugyecz Fanni  |h [elektronikus dokumentum] 
520 3 |a A szakdolgozat célja a tehetséggondozás elveinek és módszereinek bemutatása a szocializmus időszakában és napjainkban Magyarországon, különös tekintettel a képzőművészeti oktatásra. A kutatás feltárja, hogy a politikai és társadalmi környezet hogyan hatott a tehetséggondozás gyakorlatára a két eltérő korszakban. A dolgozat kvalitatív szekunder kutatáson és félig strukturált interjúkon alapul, amelyek révén mélyebb betekintést nyújt a tehetségfelismerés és tehetségfejlesztés változó gyakorlataiba. A vizsgálat rávilágít a szocialista ideológia hatásaira, a képzőművészeti tehetségek kiválasztási módszereire, valamint arra, hogy napjainkban a digitalizáció és a globalizáció új kihívásokat és lehetőségeket teremtenek a művészeti tehetséggondozásban. Az eredmények hozzájárulnak a jövőbeli tehetséggondozási programok és oktatási stratégiák fejlesztéséhez, különösen a művészeti nevelés területén. 
695 |a képzőművészeti tehetséggondozás 
695 |a művészeti tehetségfejlesztés 
695 |a szocializmus 
695 |a szocializmus Magyarországon 
695 |a tehetség 
695 |a tehetséggondozás 
700 1 |a Farkas Dr. Julianna  |e ths 
856 4 0 |u http://dolgozattar.uni-bge.hu/60074/1/Hugyecz_Fanni_Szakdolgozat.pdf  |z Dokumentum-elérés 
856 4 0 |u http://dolgozattar.uni-bge.hu/60074/2/Hugyecz_Fanni_b%C3%ADr%C3%A1lat%20%281%29.pdf  |z Dokumentum-elérés 
856 4 0 |u http://dolgozattar.uni-bge.hu/60074/3/Hugyecz%20Fanni%20b%C3%ADr%C3%A1lat%20Farkas.pdf  |z Dokumentum-elérés